00369nam a2200133 a 4500008004100000020001500041050001700056100002100073245003100094246005800125260002800183300001500211350000900226120416s0000 ||||||||||||||||| || u a0333320107 aE 184.A1 Mar aMarable, Manning10aRace, reform and rebellion athe second reconstruction in Black America, 1945-1982 aLondonbMacmillanc1984 axii, 249p. a0.00